| 000 | 00463nam a2200181Ia 4500 | ||
|---|---|---|---|
| 008 | 230718s9999 xx 000 0 und d | ||
| 020 | _a9788120349469 | ||
| 041 | _aeng | ||
| 082 |
_a301.072 _bPAN |
||
| 100 | _aPanneerselvam R. | ||
| 245 | _aResearch Methodology | ||
| 250 | _a2nd ed. | ||
| 260 |
_c2014 _bPHI Learning |
||
| 300 | _a699 | ||
| 365 |
_cRs. _b450.00 |
||
| 700 | _aPanneerselvam R. | ||
| 906 |
_dO:0677729-Nov-2019B:569726-Nov-2019 _cTE _b112.5 |
||
| 999 |
_c350674 _d350674 |
||